Normal view
MARC view
Entry Personal Name
001 - CONTROL NUMBER
- control field: 6621
003 - CONTROL NUMBER IDENTIFIER
- control field: BD-RjUL
005 - DATE AND TIME OF LATEST TRANSACTION
- control field: 20230118104534.0
008 - FIXED-LENGTH DATA ELEMENTS
- fixed length control field: 230118|| aca||aabn | a|a d
040 ## - CATALOGING SOURCE
- Original cataloging agency: BD-RjUL
- Transcribing agency: BD-RjUL
100 ## - HEADING--PERSONAL NAME
- Personal name: الفارابي، farabi,
- Dates associated with a name: 874-950
670 ## - SOURCE DATA FOUND
- Source citation: Work cat.: (BD-RjUL)81095: الفارابي، farabi, 874-950, آراء أهل المدينة الفاضلة /ara' 'ahl almadinat alfadilat /, [د. ت.]